|
|
|
|
| LEADER |
02949nam a2200385Ka 4500 |
| 001 |
bslw06294574 |
| 003 |
UtOrBLW |
| 005 |
20101115152719.0 |
| 006 |
m d |
| 007 |
cr un||||||||| |
| 008 |
101115s1996 enk o 000 0 eng d |
| 020 |
|
|
|a 9781849500197 (electronic bk.) :
|c £58.95 ; €86.95 ; $92.95
|
| 040 |
|
|
|a UtOrBLW
|c UtOrBLW
|d GrThAP
|
| 050 |
|
4 |
|a HB98
|b .A38 1996
|
| 072 |
|
7 |
|a KC
|2 bicssc
|
| 072 |
|
7 |
|a 1DFA
|2 bicssc
|
| 072 |
|
7 |
|a SOC000000
|2 bisacsh
|
| 080 |
|
|
|a 330.1(436)
|
| 082 |
0 |
4 |
|a 330.157
|2 22
|
| 245 |
0 |
0 |
|a Advances in Austrian economics.
|n Vol. 3
|h [electronic resource].
|
| 260 |
|
|
|a Bingley, U.K. :
|b Emerald,
|c 1996.
|
| 300 |
|
|
|a 1 online resource (x, 249 p.).
|
| 490 |
1 |
|
|a Advances in Austrian economics,
|x 1529-2134
|
| 505 |
0 |
|
|a Time, change, and complexity : Ludwig M. Lachmann's contributions to the theory of capital / Peter Lewin -- Chinese reforms : a review of Susan L. Shirk, the political logic of economic reform in China / T.David Burns, Kate Xiao Zhou -- Signifying nothing : a review essay of Joseph Stiglitz, Whither Socialism? / Truth-seeking and rent-seeking : a review essay of Lars Magnusson, mercantilism : the shaping of an economic language -- Uniqueness, complementarity, and tension : a review of Israel Kirzner, editor, Classics in Austrian economics / Mario J. Rizzo -- Post-Marshallian and Austrian economics : toward a fruitful liaison? / Nicolai J. Foss -- M. Dietrich, transaction cost economics and beyond / David A. Harper -- Steven G. Medema, Ronald H. Coase / Donald J. Boudreaux -- Raimondo Cubeddu, The philosophy of the Austrian school / Roger Koppl -- Peter J. Boettke, editor, the elgar companion to Austrian economics / Theodore A. Burczak -- The Austrians and self-management : a positive essay / Jaroslav Vanek -- After the fall : an introduction to the symposium on models of socialism / Peter J. Boettke, David L. Prychitko -- The monitoring problem for market socialist firms / N. Scott Arnold -- The critique of workers' self-management : Austrian perspectives and economic theory / David L. Prychitko -- Money, money prices, and the socialist calculation debate / Steven Horwitz -- Market process perspectives on post-communist economies / Laurence S. Moss -- The coase theorem and strategic bargaining / Donald J. Boudreaux.
|
| 520 |
|
|
|a This third volume in the series is divided into four parts. The first presents a symposium on models of socialism, the second presents current research, the third, review essays, and the fourth, book reviews.
|
| 650 |
|
7 |
|a Social Science
|x General.
|2 bisacsh
|
| 650 |
|
7 |
|a Economics.
|2 bicssc
|
| 650 |
|
7 |
|a Austria.
|2 bicssc
|
| 650 |
|
0 |
|a Austrian school of economics.
|
| 700 |
1 |
|
|a Prychitko, Peter J.
|
| 700 |
1 |
|
|a Boettke, David L.
|
| 776 |
1 |
|
|z 9780762300556
|
| 830 |
|
0 |
|a Advances in Austrian economics.
|
| 856 |
4 |
0 |
|u http://www.emeraldinsight.com/1529-2134/3
|z Full Text via HEAL-Link
|
| 913 |
|
|
|1 BMEbacklist
|